| 000 | 00601nam a2200193 a 4500 | ||
|---|---|---|---|
| 005 | 20251204064007.0 | ||
| 008 | 991125s1958 bue 000 0 spa u | ||
| 035 | _aUPN01000011232 | ||
| 049 | _aCG | ||
| 050 | 4 |
_aJF51 _bM3.28 |
|
| 100 | 1 | _aMcllwain, Charles Howard | |
| 245 | 1 | 0 |
_aConstitucionalismo antiguo y moderno / _cCharles Howard Mcllwain ; tr. José Rovira Armengol. |
| 260 |
_aBuenos Aires : _bNova, _c1958. |
||
| 300 | _a181 p. | ||
| 440 | 0 |
_aCompendios Nova de iniciación cultural ; _v11 |
|
| 650 | 4 |
_aHistoria constitucional _96652 |
|
| 650 | 4 |
_aCONSTITUCIONES _910178 |
|
| 905 | _aLibro | ||
| 999 |
_c11232 _d11232 |
||